000
00281nam a2200109 4500
008
160704b xxu||||| |||| 00| 0 eng d
100
_9
1980
_a
Srikumar, A.K
245
_a
Operation Polo
260
_a
N.D
_b
Children Book Trust
_c
2000
300
_a
Operation Polo
942
_2
ddc
_c
BK
999
_c
1681
_d
1681